Гидромеханизация открытых горных работ. Гидромониторно-землесосные комплексы: учебное пособие для вузов

Dades bibliogràfiques
Autor principal: Деревяшкин И. В. Игорь Владимирович
Altres autors: Кононеко Е. А. Евгений Андреевич, Демченко А. В. Александр Васильевич
Sumari:В учебном пособии проанализированы состояние и направления совершенствования гидромеханизации на угольных разрезах Кузбасса, а также методические подходы обеспечения эффективной работы гидрокомплексов большой производительности. Приведенные в пособии материалы не только знакомят студентов с теоретическими вопросами применения мощных гидрокомплексов на открытых горных работах, но и позволяют выполнить практические задания, курсовой проект и специальную часть дипломного проекта. Соответствует Федеральному государственному образовательному стандарту высшего образования последнего поколения. Учебное пособие предназначено для изучения студентами очной и заочной форм обучения направления подготовки 21.05.04 "Горное дело" специализации "Открытые горные работы" теоретических разделов дисциплины "Гидромеханизация открытых горных работ", связанных с особенностями применения мощных гидромониторов и необходимостью увязки работы систем гидротранспортирования и водоснабжения гидрокомплексов карьера. Может быть использовано студентами других специальностей для более глубокого изучения технологических расчетов гидромеханизации, а также инженерно-техническими работниками разрезов и проектных организаций.
Idioma:rus
Publicat: Москва, Инфра-М, 2018
Col·lecció:Высшее образование - Специалитет
Matèries:
Format: MixedMaterials Llibre
KOHA link:https://koha.lib.tpu.ru/cgi-bin/koha/opac-detail.pl?biblionumber=340637

MARC

LEADER 00000nam0a2200000 4500
001 340637
005 20231102005248.0
010 |a 9785160122175 
035 |a (RuTPU)RU\TPU\book\367560 
090 |a 340637 
100 |a 20180404d2018 m y0rusy50 ca 
101 0 |a rus 
102 |a RU 
105 |a a j 001zy 
200 1 |a Гидромеханизация открытых горных работ. Гидромониторно-землесосные комплексы  |e учебное пособие для вузов  |f И. В. Деревяшкин, Е. А. Кононеко, А. В. Демченко 
210 |a Москва  |c Инфра-М  |d 2018 
215 |a 149 с.  |c ил. 
225 1 |a Высшее образование - Специалитет 
320 |a Библиогр.: с. 145-146 
330 |a В учебном пособии проанализированы состояние и направления совершенствования гидромеханизации на угольных разрезах Кузбасса, а также методические подходы обеспечения эффективной работы гидрокомплексов большой производительности. Приведенные в пособии материалы не только знакомят студентов с теоретическими вопросами применения мощных гидрокомплексов на открытых горных работах, но и позволяют выполнить практические задания, курсовой проект и специальную часть дипломного проекта. Соответствует Федеральному государственному образовательному стандарту высшего образования последнего поколения. Учебное пособие предназначено для изучения студентами очной и заочной форм обучения направления подготовки 21.05.04 "Горное дело" специализации "Открытые горные работы" теоретических разделов дисциплины "Гидромеханизация открытых горных работ", связанных с особенностями применения мощных гидромониторов и необходимостью увязки работы систем гидротранспортирования и водоснабжения гидрокомплексов карьера. Может быть использовано студентами других специальностей для более глубокого изучения технологических расчетов гидромеханизации, а также инженерно-техническими работниками разрезов и проектных организаций. 
606 1 |a Горные работы открытые  |x Гидромеханизация  |2 stltpush  |3 (RuTPU)RU\TPU\subj\8252  |9 35716 
610 1 |a гидромониторно-землесосные комплексы 
610 1 |a МПИ 
610 1 |a месторождения полезных ископаемых 
610 1 |a открытая разработка 
610 1 |a оборудование 
610 1 |a выбор 
610 1 |a расчеты 
610 1 |a учебные пособия 
675 |a 622.333:622.271(075.8)  |v 4 
700 1 |a Деревяшкин  |b И. В.  |g Игорь Владимирович 
701 1 |a Кононеко  |b Е. А.  |g Евгений Андреевич 
701 1 |a Демченко  |b А. В.  |g Александр Васильевич 
801 1 |a RU  |b 63413507  |c 20180404 
801 2 |a RU  |b 63413507  |c 20190426  |g RCR 
942 |c BK